| 000 | 00612nam a2200217Ia 4500 | ||
|---|---|---|---|
| 008 | |||
| 090 |
_aNA2500 _bSCO |
||
| 100 | 1 | _aScott, Geoffrey. | |
| 245 | 1 | 4 |
_aThe architecture of humanism : _ba study in the history of taste / _cby Geoffrey Scott. |
| 260 |
_aLondon : _bMethuen, _c1961. |
||
| 300 |
_a265 p. ; _c21 cm. |
||
| 490 | 0 | _aUniversity paperbacks. | |
| 650 | 0 | _aArchitecture. | |
| 650 | 0 | _aAesthetics. | |
| 907 |
_a.b10187881 _b06-02-13 _c26-01-06 |
||
| 003 | |||
| 005 | 20230120131025.0 | ||
| 040 | _cNUST | ||
| 049 | _aMAIN | ||
| 942 |
_cBOOKS _kNA2500 _mSCO |
||
| 999 |
_c95498 _d95498 |
||